00732nam a2200241 a 4500001001300000003000900013005001700022008004100039020002600080082001500106100002300121245004200144260004800186300000900234500003500243505001000278650002100288700002300309902000800332942000700340952012800347999001500475nice12345678IN_TiNIC20260116013134.0050524s1980 afra grp 000 0 eng  a0821456 c536.5500a181.4bORG aOrgan, Troy Wilson aHindu Quest for the Perfection of Man aAfricabAthen`s Ohio University Pressc1980 a439p aincludes index and biblioraphy2 aIndex aPhilosophy-Hindu1 aOrgan, Troy Wilson bSRS cBK 001040708StackRoom-aHMIbHMId2007-07-31g536.55l2o181.4 ORGp015204r2018-12-10s2018-11-23v536.55w2005-05-24yBK c9822d9822